Statistics for The 10 Most Visited Cities in the World in 2015

Click here to take the quiz!

General Stats

  • This quiz has been taken 158 times
  • The average score is 7 of 10

Answer Stats

RankCity% Correct
6New York
99%
3Paris
99%
1London
98%
10Hong Kong
68%
5Istanbul
62%
7Singapore
60%
2Bangkok
53%
4Dubai
52%
9Seoul
47%
8Kuala Lumpur
32%

Score Distribution

Percentile by Number Answered

Percent of People with Each Score

Your Score History

You have not taken this quiz